000 01433nam a2200385 i 4500
001 29909
003 KOSZ 005
005 20220622130727.0
008 s1991 pl a f |000 0 pol
022 _a0324-8445
040 _cKOSZ 005
_aKOSZ 005
_dKOSZ 005/EG
041 _apol
_beng
080 _a339.13
080 _a303
245 0 0 _aRynek i konsumpcja /
_c[zespół red. Krystyna Mazurek-Łopacińska, Grażyna Światowy].
260 _aWrocław :
_bWydaw. Uczelniane AE,
_c1991.
300 _a144 s. :
_bmapa, rys. ;
_c24 cm.
336 _2rdacontent
_aTekst
_btxt
337 _2rdamedia
_aBez urządzenia pośredniczącego
_bn
338 _2rdacarrier
_aWolumin
_bnc
380 _aKsiążki
388 _a1901-2000
388 _a1989-2000
490 1 _aPrace Naukowe Akademii Ekonomicznej im. Oskara Langego,
_x0324-8445 ;
_v582
650 7 _aUsługi
658 _aGospodarka, ekonomia, finanse
658 _aSocjologia i społeczeństwo
650 7 _aRynek (ekonomia)
700 1 _aMazurek-Łopacińska, Krystyna
_d(1951- )
_eRedakcja
700 1 _aŚwiatowy, Grażyna
_eRedakcja
710 2 _aAkademia Ekonomiczna im. Oskara Langego (Wrocław)
_4pbl
830 _aPrace Naukowe Akademii Ekonomicznej im. Oskara Langego,
_vnr 582
856 _uhttp://koha.tu.koszalin.pl/cgi-bin/koha/opac-detail.pl?biblionumber=29909
_yKatalog online BPK
942 _cKS
_2UKD
999 _c29909
_d29909